| 000 | 00457 a2200181 4500 | ||
|---|---|---|---|
| 005 | 20250428100840.0 | ||
| 008 | 250417b |||||||| |||| 00| 0 eng d | ||
| 020 |
_a9789391945107 _cRs. 1700.00 |
||
| 040 | _aMAIN | ||
| 082 |
_a658.8 _bB469M |
||
| 100 | _aBhanavat, Sanjeev | ||
| 245 | _aMarketing today | ||
| 260 |
_bMark Publishers _c2023 _aJaipur |
||
| 300 | _a250 | ||
| 650 | _aManagement | ||
| 650 | _xProduction and Sales Promotion | ||
| 942 | _cBK | ||
| 999 |
_c360271 _d360271 |
||